000
00257nam a2200097Ia 4500
001
1300270
005
20260420095901.0
008
260420s9999 xx 000 0 und d
245
0
_a
SEKSEN GÜNDE DÜNYA TURU
_c
JULES VERNE
260
_b
TİMAŞ ÇOCUK YAYINLARI
999
_c
1300270
_d
1300270